Statistics for Biggest Cities in Chile

Click here to take the quiz!

General Stats

  • This quiz has been taken 20 times
  • The average score is 12 of 27

Answer Stats

CityRegionInhabitants% Correct
SantiagoRM4.873.295
100%
ValparaísoValparaíso295.918
90%
AntofagastaAntofagasta309.832
80%
AricaArica185.999
75%
ConcepcionBío-Bío215.413
70%
IquiqueTarapacá227.449
70%
Punta ArenasMagellanes117.430
65%
Puerto MonttLos Lagos160.054
55%
ValdiviaLos Ríos133.419
55%
CoquimboCoquimbo161.317
50%
La SerenaCoquimbo154.521
45%
TemucoAraucanía238.129
45%
CalamaAntofagasta143.084
40%
TalcaMaule197.479
40%
Vina del MarValparaíso294.551
40%
ChillánBío-Bío150.396
35%
OsornoLos Lagos135.773
35%
Puente AltoRM510.417
35%
Los ÁngelesBío-Bío125.430
30%
RancaguaO'Higgins212.695
30%
TalcahuanoBío-Bío252.968
30%
CopiapoAtacama129.280
25%
CuricóMaule102.438
25%
QuilpuéValparaíso130.263
25%
San BernardoRM249.858
25%
La PintanaRM201.178
10%
Lo PradoRM104.316
5%

Score Distribution

Percentile by Number Answered

Percent of People with Each Score

Your Score History

You have not taken this quiz